000 00594nam a2200181Ia 4500
005 20250508150832.0
008 008 250505s9999 xx 000 0 eng d
037 _aBooks to be hide in OPAC
040 _aFEDL
_beng
_cFEDL
041 _aeng
_2eng
084 _a310, STE/O
_qFEDL
100 _aSteinberg S H Ed.
_9432874
245 0 _aStatesman's year-book : Statistical and historical annual of the states of the world for the year 1951
260 _aLondon, UK
_bMacmaillan and Company Ltd.
_c1951
300 _a1624p.
942 _cHB
_h310, STE/O
999 _c1325969
_d1325969